Nombramiento de jefe central del Servicio Nacional de Inspección y Asesoramiento de la Corporaciones Locales al ilustre jurista don Antonio Saura Pacheco
Colección:
San Jorge,
; núm. 15 (juliol 1954), pàg 108-109
Materias:
Saura Pacheco, Antonio, -- 1904-1989
; Servicio Nacional de Inspeccion y Asesoramiento de las Corporaciones Locales (Espanya)
Idioma:
Español
MARC
| LEADER | 00000naa a2200000 a 4500 | ||
|---|---|---|---|
| 003 | Arxiu | ||
| 005 | 20260324181023.0 | ||
| 008 | 160829s1954 spcaxx s spa c | ||
| 040 | |a AGDB | ||
| 245 | 0 | 0 | |a Nombramiento de jefe central del Servicio Nacional de Inspección y Asesoramiento de la Corporaciones Locales al ilustre jurista don Antonio Saura Pacheco |
| 490 | |a San Jorge, |v núm. 15 (juliol 1954), pàg 108-109 | ||
| 600 | 1 | 0 | |a Saura Pacheco, Antonio, |d 1904-1989 |9 55048 |
| 610 | 2 | 0 | |9 55047 |a Servicio Nacional de Inspeccion y Asesoramiento de las Corporaciones Locales (Espanya) |
| 773 | |t San Jorge. |g núm. 15 (juliol 1954), pàg 108-109 | ||
| 901 | |a Arxiu | ||
| 942 | |n 1 |2 udc |c ART | ||
| 952 | |0 0 |1 0 |4 0 |6 REV509 |7 1 |9 65003 |a Arxiu |b Arxiu |d 2023-01-10 |l 0 |o Rev-509 |r 2023-01-10 00:00:00 |w 2023-01-10 |y ARXIU |z També disponible a Rev-523 | ||
| 999 | |c 43705 |d 43705 | ||